000 00385nmm a2200145Ia 4500
008 251105s9999||||xx |||||||||||||||||und||
041 _aspa
100 _aGraham, Lynne
245 0 _aLa amante del jefe
264 _a[Madrid, España] :
_bHarlequin,
_c2012
300 _a160 páginas
650 _aRomance
856 _uhttps://public.digitaliapublishing.com/a/50256
942 _cCF
999 _c104563
_d104563